书目信息 |
| 题名: |
生活与气候
|
|
| 作者: | 汪奕琮 编著 | |
| 分册: | ||
| 出版信息: | 北京 农业出版社 |
|
| 页数: | 240 | |
| 开本: | 20cm | |
| 丛书名: | ||
| 单 册: | ||
| 中图分类: | R122 | |
| 科图分类: | ||
| 主题词: | 环境卫生 | |
| 电子资源: | ||
| ISBN: | ||
| 000 | 00482nam0 2200193 45 | |
| 001 | 0181012984 | |
| 005 | 20060430091410.96 | |
| 010 | @dCNY0.97 | |
| 091 | @a13144.258 | |
| 100 | @a20810111d km y0chiy0120 ea | |
| 101 | 0 | @achi |
| 200 | 1 | @a生活与气候@Asheng huo yu qi hou@f汪奕琮等编著@Fwang yi zong |
| 210 | @a北京@c农业出版社@h1984.2 | |
| 215 | @a240@d20cm | |
| 606 | 0 | @a环境卫生 |
| 690 | @aR122@v4 | |
| 701 | 0 | @a汪奕琮@4编著 |
| 801 | @aCN@bTSTC@c20060430 | |
| 905 | @dR122@e6 | |
| 生活与气候/汪奕琮等编著.-北京:农业出版社(1984.2) |
| 240;20cm |
| ISBN :CNY0.97 |
| ● |
| 相关链接 |
|
|
|
|
正题名:生活与气候
索取号:R122/6
 
预约/预借
| 序号 | 登录号 | 条形码 | 馆藏地/架位号 | 状态 | 备注 |
| 1 | 0105697 | 202328622 | 密集书库/ [索取号:R122/6] | 在馆 | |
| 2 | 0105698 | 000707480 | 密集书库/ [索取号:R122/6] | 在馆 |